00679nam a2200241 a 4500001001300000003000900013005001700022008004100039020001000080082001300090100002300103245002900126260003200155300000800187500003500195505001300230650002700243700002300270902000800293942000700301952011400308999001500422nice12345678IN_TiNIC20260116012524.0050524s1976 cana grp 000 0 eng  ac10000a233bWHY aWhyte, Maxwell H A aPulling Down Strongholds aCanadabMaxwell Whytec1976 a32p aincludes index and biblioraphy2 aAppendix aMan-Christian Theology1 aWhyte, Maxwell H A bSRS cBK 001040708StackRoom-aHMIbHMId2007-06-20g100.00l0o233 WHYp010941r2007-06-20v100.00w2005-05-24yBK c7340d7340